The effect of the Marketing Mix on Customer Satisfaction: A case study of Radisson Blu Hotel (Record no. 41241)

MARC details
000 -LEADER
fixed length control field 00635nam a2200145 a 4500
008 - FIXED-LENGTH DATA ELEMENTS--GENERAL INFORMATION
fixed length control field 220228s2018 ||||||||||||||||| || u
050 ## - LIBRARY OF CONGRESS CALL NUMBER
Classification number CBU-PG THESIS/MUN
100 ## - MAIN ENTRY--PERSONAL NAME
Personal name Munamonga, Nchimunya
245 14 - TITLE STATEMENT
Title The effect of the Marketing Mix on Customer Satisfaction: A case study of Radisson Blu Hotel
Statement of responsibility, etc. By Nchimunya Munamonga
260 ## - PUBLICATION, DISTRIBUTION, ETC.
Place of publication, distribution, etc. Kitwe
Name of publisher, distributor, etc. Copperbelt University
Date of publication, distribution, etc. 2018
300 ## - PHYSICAL DESCRIPTION
Extent vii, 79 Pages : illustrations
650 ## - SUBJECT ADDED ENTRY--TOPICAL TERM
Topical term or geographic name entry element CUSTOMER SATISFACTION - HOTEL
650 ## - SUBJECT ADDED ENTRY--TOPICAL TERM
Topical term or geographic name entry element MARKETING - ZAMBIA
995 ## - RECOMMENDATION 995 [LOCAL, UNIMARC FRANCE]
-- CBU-MAIN LIBRARY (Kitwe)
-- 1
-- AVAILABLE
-- May 5, 2022
-- University Collection
Holdings
Withdrawn status Lost status Source of classification or shelving scheme Damaged status Not for loan Home library Current library Shelving location Date acquired Total Checkouts Full call number Barcode Date last seen Price effective from Koha item type
          CBU-MAIN LIBRARY, KITWE. CBU-MAIN LIBRARY, KITWE.   11/30/2022   CBU-PG THESIS/MUN B4686 11/30/2022 11/30/2022 MONOGRAPH